000 00934nam a2200253Ia 4500
003 OSt
005 20221005111310.0
006 a|||||r|||| 00| 0
007 ta
008 221004b |||||||| |||| 00| 0 hin d
020 _c225
024 _a95472
037 _b1214, 02/03/2009, Pioneer Books Distributors
_cTextual
040 _aCRL
_cCRL
_bhin
041 _2hin
_ahin
082 _aV273.91.P1, 152P5
100 _aश्रीकांत
245 0 _aबिहार में चुनाव
_b जाति, हिंसा और बूथ लूट
246 _aBihār mean chunāva: jāti, hiansā aur būth lūṭa
260 _aनई दिल्ली
_bवाणी प्रकाशन भारत
_c2005
300 _a178पृ0
_ccm.
942 _hV273.91.P1, 152P5
_cTEXL
_2cc
999 _c1021427
_d1021427